ბათუმის შოთა რუსთაველის სახელმწიფო უნივერსიტეტის ბიბლიოთეკა

ტარას ბულბა (ბიბ.ჩანაწერი № 48714)

000 -LEADER
fixed length control field 00828nam a2200229Ia 4500
001 - CONTROL NUMBER
control field 15614
003 - CONTROL NUMBER IDENTIFIER
control field GE_BSU
008 - FIXED-LENGTH DATA ELEMENTS--GENERAL INFORMATION
fixed length control field 181216s||||||||xx |||||||||||||| ||und||
040 ## - CATALOGING SOURCE
Transcribing agency GE_BSU
080 ## - UNIVERSAL DECIMAL CLASSIFICATION NUMBER
Universal Decimal Classification number 82-93:821.161.1-3
100 ## - MAIN ENTRY--PERSONAL NAME
Personal name გოგოლი, ნ.ვ.
245 ## - TITLE STATEMENT
Title ტარას ბულბა
245 ## - TITLE STATEMENT
Remainder of title მოთხრობა
245 ## - TITLE STATEMENT
Statement of responsibility, etc. თარგმნ. ივანე და ანა ახალშენიშვილებისა. რედ.ნ.ანანიაშვილი. მხატვ. ი. დივნოგორცევა
260 ## - PUBLICATION, DISTRIBUTION, ETC.
Place of publication, distribution, etc. თბილისი
260 ## - PUBLICATION, DISTRIBUTION, ETC.
Name of publisher, distributor, etc. საბლიტგამი
260 ## - PUBLICATION, DISTRIBUTION, ETC.
Date of publication, distribution, etc. 1955
300 ## - PHYSICAL DESCRIPTION
Extent 40გვ. : ილ. ; 21სმ.
653 ## - INDEX TERM--UNCONTROLLED
Uncontrolled term მოთხრობა
653 ## - INDEX TERM--UNCONTROLLED
Uncontrolled term ტარას ბულბა
942 ## - ADDED ENTRY ELEMENTS (KOHA)
Koha item type წიგნი
ეგზემპლარები
Withdrawn status Lost status Damaged status Not for loan Date acquired Barcode Date last seen Price effective from Koha item type
        2018-12-17 21167 2018-12-17 2018-12-17 წიგნი
        2018-12-17 21168 2018-12-17 2018-12-17 წიგნი
        2018-12-17 21169 2018-12-17 2018-12-17 წიგნი
        2018-12-17 21170 2018-12-17 2018-12-17 წიგნი
        2018-12-17 21171 2018-12-17 2018-12-17 წიგნი
        2018-12-17 21172 2018-12-17 2018-12-17 წიგნი
        2018-12-17 21173 2018-12-17 2018-12-17 წიგნი